Most biodiverse countries - Statistics

General Stats
  • This quiz has been taken 20 times
  • The average score is 14 of 19
Answer Stats
Continent Country % Correct
South America Brazil
93%
South America Chile
93%
South America Peru
93%
South America Colombia
86%
South America Ecuador
86%
South America Venezuela
86%
Oceania Australia
79%
South America Bolivia
79%
North America Mexico
79%
Africa Tanzania
79%
North America Canada
71%
Africa Madagascar
71%
Africa South Africa
71%
Asia Vietnam
71%
Asia Indonesia
64%
Asia Thailand
64%
Asia Malaysia
57%
Asia Philippines
57%
Europe Iceland
36%
No matching quizzes found
Score Distribution
Percent of People with Each Score
Percentile by Number Answered
Your Score History
You have not taken this quiz